Dūshaṇollāsa. (Record no. 69033)
[ view plain ]
| 000 -LEADER | |
|---|---|
| fixed length control field | 00818cam a22002651 4500 |
| 001 - CONTROL NUMBER | |
| control field | sa 66003649 |
| 003 - CONTROL NUMBER IDENTIFIER | |
| control field | DLC |
| 005 - DATE AND TIME OF LATEST TRANSACTION | |
| control field | 20260227112237.0 |
| 008 - FIXED-LENGTH DATA ELEMENTS--GENERAL INFORMATION | |
| fixed length control field | 890511s1965 ii ah b 000 0 hino |
| 010 ## - LIBRARY OF CONGRESS CONTROL NUMBER | |
| LC control number | sa 66003649 |
| 035 ## - SYSTEM CONTROL NUMBER | |
| System control number | (OCoLC)19693665 |
| 040 ## - CATALOGING SOURCE | |
| Original cataloging agency | DLC |
| Transcribing agency | WaU |
| Modifying agency | NRU |
| -- | DLC |
| 042 ## - AUTHENTICATION CODE | |
| Authentication code | premarc |
| 050 00 - LIBRARY OF CONGRESS CALL NUMBER | |
| Classification number | PK2097.R35 |
| Item number | D8 1965 |
| 100 0# - MAIN ENTRY--PERSONAL NAME | |
| Personal name | Rasika Govinda, |
| Dates associated with a name | active 1793-1833. |
| 245 10 - TITLE STATEMENT | |
| Title | Dūshaṇollāsa. |
| Statement of responsibility, etc. | Govindadāsa kr̥ta. Sampādaka Benībahādura Siṃha. |
| 250 ## - EDITION STATEMENT | |
| Edition statement | [1. saṃskaraṇa] |
| 260 ## - PUBLICATION, DISTRIBUTION, ETC. | |
| Place of publication, distribution, etc. | Prayāga, |
| Name of publisher, distributor, etc. | Hindī Sāhitya Sammelana |
| Date of publication, distribution, etc. | [1965] |
| 300 ## - PHYSICAL DESCRIPTION | |
| Extent | 5, 252 p. |
| Other physical details | illus., facsim. |
| Dimensions | 19 cm. |
| 440 #0 - SERIES STATEMENT/ADDED ENTRY--TITLE | |
| Title | Sammelana-ākara-granthamālā, |
| Volume/sequential designation | pushpa 4 |
| 500 ## - GENERAL NOTE | |
| General note | In Hindi. |
| 500 ## - GENERAL NOTE | |
| General note | Poems. |
| 504 ## - BIBLIOGRAPHY, ETC. NOTE | |
| Bibliography, etc. note | Bibliographical footnotes. |
| 600 10 - SUBJECT ADDED ENTRY--PERSONAL NAME | |
| Personal name | Singh, Beni Bahadur, |
| Dates associated with a name | 1943- |
No items available.